The global player how to become "the logistics company for the world" /

Bibliographic Details
Main Author: Musiolik, Thomas.
Corporate Author: ProQuest (Firm)
Format: Electronic eBook
Language:English
Published: Hamburg : Diplomica Verlag, 2012.
Subjects:
Online Access:Click to View
LEADER 01382nam a2200373 a 4500
001 EBC887631
003 MiAaPQ
005 20200520144314.0
006 m o d |
007 cr cn|||||||||
008 120424s2012 gw a sb 000 0 eng d
020 |z 9783842871489 
020 |a 9783842821484 (electronic bk.) 
035 |a (MiAaPQ)EBC887631 
035 |a (Au-PeEL)EBL887631 
035 |a (CaPaEBR)ebr10553211 
035 |a (OCoLC)784887741 
040 |a MiAaPQ  |c MiAaPQ  |d MiAaPQ 
043 |a e-gx--- 
050 4 |a HD38.5  |b .M87 2012 
100 1 |a Musiolik, Thomas. 
245 1 4 |a The global player  |h [electronic resource] :  |b how to become "the logistics company for the world" /  |c Thomas Musiolik. 
260 |a Hamburg :  |b Diplomica Verlag,  |c 2012. 
300 |a viii, 70, ix-xiii p. :  |b ill. (some col.) 
500 |a Title from cover. 
504 |a Includes bibliographical references. 
533 |a Electronic reproduction. Ann Arbor, MI : ProQuest, 2015. Available via World Wide Web. Access may be limited to ProQuest affiliated libraries. 
610 2 0 |a DHL Express (Firm) 
650 0 |a Business logistics  |z Germany. 
650 0 |a Success in business. 
650 0 |a International business enterprises. 
655 4 |a Electronic books. 
710 2 |a ProQuest (Firm) 
856 4 0 |u https://ebookcentral.proquest.com/lib/matrademy/detail.action?docID=887631  |z Click to View